EXPERIMENTAL IN BEHAVIOURAL RESEARCH (Record no. 26471)
[ view plain ]
| 000 -LEADER | |
|---|---|
| fixed length control field | 00343nam a22001577a 4500 |
| 003 - CONTROL NUMBER IDENTIFIER | |
| control field | SGT |
| 020 ## - INTERNATIONAL STANDARD BOOK NUMBER | |
| International Standard Book Number | 9789393159960 |
| 082 ## - DEWEY DECIMAL CLASSIFICATION NUMBER | |
| Classification number | 150,BRO |
| 100 ## - MAIN ENTRY--PERSONAL NAME | |
| Personal name | BROOTA,KD |
| 245 ## - TITLE STATEMENT | |
| Title | EXPERIMENTAL IN BEHAVIOURAL RESEARCH |
| 250 ## - EDITION STATEMENT | |
| Edition statement | 3RD |
| 260 ## - PUBLICATION, DISTRIBUTION, ETC. (IMPRINT) | |
| Place of publication, distribution, etc | NEW DELHI |
| Name of publisher, distributor, etc | NEW AGE IP |
| Year of Publication | 2023 |
| 300 ## - PAGE DESCRIPTION | |
| No. of Pages | 443 |
| 650 ## - SUBJECT ADDED ENTRY--TOPICAL TERM | |
| Topical term or geographic name as entry element | PSYCHOLOGY |
| 942 ## - ADDED ENTRY ELEMENTS (KOHA) | |
| Source of classification or shelving scheme | Dewey Decimal Classification |
| Koha item type | Books |
| 942 ## - ADDED ENTRY ELEMENTS (KOHA) | |
| -- | 26 |
| Withdrawn status | Lost status | Source of classification or shelving scheme | Damaged status | Use restrictions | Not for loan | Collection code | Home library | Current library | Shelving location | Date acquired | Vendor Name | Cost, normal purchase price | SGTU | Bill Number | Full call number | Accession No. (Barcode) | Date last seen | Bill Date | Koha item type | Total Checkouts | Total Renewals | Date last borrowed |
|---|---|---|---|---|---|---|---|---|---|---|---|---|---|---|---|---|---|---|---|---|---|---|
| Dewey Decimal Classification | Restricted Access | Not For Loan | ENGINEERING | SGT Engineering Library | SGT Engineering Library | Reference Book | 19/06/2024 | SAVERA BOOK DISTRIBUTORS | 499.00 | SGTU | 24/25/CRB/164 | 150,BRO | FE9055 | 19/06/2024 | Books | |||||||
| Dewey Decimal Classification | ENGINEERING | SGT Engineering Library | SGT Engineering Library | Text Book | 19/06/2024 | SAVERA BOOK DISTRIBUTORS | 499.00 | SGTU | 24/25/CRB/164 | 150,BRO | FE9056 | 11/01/2025 | Books | 6 | 1 | 11/01/2025 | ||||||
| Dewey Decimal Classification | ENGINEERING | SGT Engineering Library | SGT Engineering Library | Text Book | 19/06/2024 | SAVERA BOOK DISTRIBUTORS | 499.00 | SGTU | 24/25/CRB/164 | 150,BRO | FE9057 | 13/01/2025 | Books | 6 | 31/12/2024 | |||||||
| Dewey Decimal Classification | ENGINEERING | SGT Engineering Library | SGT Engineering Library | Text Book | 19/06/2024 | SAVERA BOOK DISTRIBUTORS | 499.00 | SGTU | 24/25/CRB/164 | 150,BRO | FE9058 | 24/03/2025 | Books | 9 | 06/03/2025 | |||||||
| Dewey Decimal Classification | ENGINEERING | SGT Engineering Library | SGT Engineering Library | Text Book | 19/06/2024 | SAVERA BOOK DISTRIBUTORS | 499.00 | SGTU | 24/25/CRB/164 | 150,BRO | FE9059 | 19/06/2024 | Books | |||||||||
| Dewey Decimal Classification | ENGINEERING | SGT Engineering Library | SGT Engineering Library | Text Book | 19/06/2024 | SAVERA BOOK DISTRIBUTORS | 499.00 | SGTU | 24/25/CRB/164 | 150,BRO | FE9060 | 05/12/2024 | Books | 1 | 25/11/2024 | |||||||
| Dewey Decimal Classification | ENGINEERING | SGT Engineering Library | SGT Engineering Library | Text Book | 19/06/2024 | SAVERA BOOK DISTRIBUTORS | 499.00 | SGTU | 24/25/CRB/164 | 150,BRO | FE9061 | 24/02/2025 | Books | 4 | 11/02/2025 |